000 00670nam a2200253 i 4500
001 88801
003 ES-MaACL
005 20230906175934.0
007 t|
008 041213s1983 sp ||||1| spa d
020 _a2-02-006379-4
080 _a81'22
080 _a316.663:391
100 1 _aBarthes, Roland.
_926125
245 1 0 _aSystème de la mode /
_cRoland Barthes.
260 _a[S.l.] :
_bEditions du Seuil,
_c[1983]
300 _a321 p. ;
_c18 cm.
490 1 _aPoints
650 4 _aSemiótica.
_917041
650 1 4 _aModa-
_xAspectos sociales.
_915120
830 0 _aPoints
_9184077
852 _aES-MaACL
_jE-10631
_bR.134759
999 _c88801
_d88801